| 000 | 00353nam a22001457a 4500 | ||
|---|---|---|---|
| 003 | SGT | ||
| 020 | _a9788120348844 | ||
| 082 |
_a342.0954 _bB14S |
||
| 100 | _aSHARMA, BRIJKISHORE | ||
| 245 | _aBHARAT KA SANVIDHAN:EK PARICHAY | ||
| 260 |
_aINDIA _bPHI LEARNING & PVT. LTD. _c2014 |
||
| 300 | _a465 | ||
| 650 | _aINDIAN CONSTITUTION | ||
| 942 |
_2ddc _cBK |
||
| 999 |
_c26183 _d26183 |
||